| 000 | 00553cam a22002171 4500 | ||
|---|---|---|---|
| 001 | sa 67007154 | ||
| 003 | DLC | ||
| 005 | 20260227112413.0 | ||
| 008 | 890926s1966 ii c 000 0 telo | ||
| 010 | _asa 67007154 | ||
| 035 | _a(OCoLC)20397744 | ||
| 040 |
_aDLC _cWaU _dDLC |
||
| 050 | 0 | 0 |
_aBL1146.R35 _bA2 1966 |
| 100 | 0 |
_aRamana, _cMaharshi. |
|
| 245 | 1 | 0 | _aŚrī Ramaṇa Maharṣi sūktulu. |
| 260 | _c[1966] | ||
| 300 |
_a113 p. _bport. _c18 cm. |
||
| 546 | _aIn Telugu. | ||
| 500 | _aHinduism. | ||
| 700 | 2 |
_aVenkata Rao, Kamalakara, _d1907- |
|
| 999 |
_c76399 _d76399 |
||